Avances disciplinarios en el campo de los estudios del trabajo /

Estudio de psicología laboral que desde diferentes enfoques analiza la situación de la investigación en el campo laboral para después analizar las condiciones de trabajo de los actores laborales y el entorno de las prácticas productivas en la industria mexicana de manufactura.

Guardat en:
Dades bibliogràfiques
Autor principal: Carrillo Pacheco, Marco A. (coord.)
Altres autors: Salinas García, Rolando Javier (coordinación) (coordinación)
Format: Llibre
Idioma:espanyol
Publicat: Querétaro, México : México : Universidad Autónoma de Querétaro ; Fontamara, 2014, c2014
Matèries:
Etiquetes: Afegir etiqueta
Sense etiquetes, Sigues el primer a etiquetar aquest registre!

MARC

LEADER 00000nam^a2200000^a^4500
001 000350851
005 20250521000000.0
009 20260310114955.099
020 |a 978-607-736-096-4 
020 |a 978-607-513-108-5 
037 |a Acervo ITESO - Biblioteca 
041 |a ESP 
082 |a 158. 7  |b CAR 
100 |a Carrillo Pacheco, Marco A.  |e (coord.) 
245 1 0 |a Avances disciplinarios en el campo de los estudios del trabajo /  |c M.A. Carrillo Pacheco, R.J. Salinas García ; presen. de Jaime Rivas Medina. 
264 4 |a Querétaro, México :  |b Universidad Autónoma de Querétaro ;  |a México :  |b Fontamara,  |c 2014, c2014 
300 |a 248 p. 
336 |a texto  |b txt  |2 rdacontenido 
337 |a sin mediación  |b n  |2 rdamedio 
338 |a volumen  |b nc  |2 rdasoporte 
520 |a Estudio de psicología laboral que desde diferentes enfoques analiza la situación de la investigación en el campo laboral para después analizar las condiciones de trabajo de los actores laborales y el entorno de las prácticas productivas en la industria mexicana de manufactura. 
649 |a XX 
650 |a Ancianos -  |z México -  |x Condiciones Laborales 
650 |a Choferes -  |z México -  |x Condiciones Laborales 
650 |a Obreros -  |z México -  |x Condiciones Laborales 
650 |a Trabajo -  |z México 
650 |a Trabajo -  |x Tema Principal 
650 |a Productividad 
650 |a Industria Manufacturera -  |z México 
650 |a Psicología Laboral 
700 |a Salinas García, Rolando Javier  |e (coordinación) 
910 |a Fondo General 
920 |a Impresos - Libros 
930 |a Colección General 
905 |a 101 
901 |a 0500241545  |b IT1  |c ACC  |i C142874  |u 20250521 
902 |a https://opac.biblio.iteso.mx/vufind/Record/000350851